000
00331pab a2200145 454500
008
180718b1986 xxu||||| |||| 00| 0 eng d
100
_a
Jha, M.L.
245
_a
Unemployed youth in Bihar
260
_c
1986
300
_a
12-13
362
_a
Sept.
650
_a
Youth - India - Bihar
773
_a
Social Welfare
909
_a
21112
999
_c
21112
_d
21112